| 000 | 00819nam a2200253 a 4500 | ||
|---|---|---|---|
| 008 | |||
| 020 | _a0929894065 (pbk.) | ||
| 049 | _aMAIN | ||
| 090 | 0 |
_aRA783.5 _bDES |
|
| 100 | 1 | _aDessery, Bradford L. | |
| 245 | 1 | 4 |
_aThe medical guide for third world travelers : _ba comprehensive self-care handbook / _cBradford L. Dessery and Marc R. Robin. |
| 250 | _a2nd ed. | ||
| 260 |
_aSan Diego : _bKW Publications, _cc1992. |
||
| 300 |
_a341 p. : _bill., maps ; _c19 cm. |
||
| 500 | _aIncludes index. | ||
| 650 | 0 |
_aTravel _xHealth aspects _zDeveloping countries _xHandbooks, manuals, etc. |
|
| 650 | 2 | _aTravel. | |
| 700 | 1 | _aRobin, Marc R. | |
| 907 |
_a.b10297571 _b11-10-13 _c03-06-11 |
||
| 003 | |||
| 005 | 20230123125313.0 | ||
| 040 | _cNUST | ||
| 942 |
_cBOOKS _kRA783.5 _mDES |
||
| 999 |
_c139227 _d139227 |
||